[Event "Kaluga Tsiolkovsky Memorial op"]
[Site "Kaluga"]
[Date "2013.08.08"]
[Round "6"]
[White "Bauyrzhan, Arnash"]
[Black "Rashidov, Alexandr"]
[Result "1-0"]
[WhiteElo "1839"]
[BlackElo "1952"]
[PlyCount "123"]
[EventDate "2013.08.03"]
[EventType "swiss"]
[EventRounds "9"]
[EventCountry "RUS"]
[SourceTitle "CBM 156 Extra"]
[Source "ChessBase"]
[SourceDate "2013.10.22"]
[SourceVersion "1"]
[SourceVersionDate "2013.10.22"]
[SourceQuality "1"]

1. e4 c5 2. Nf3 Nc6 3. Nc3 d6 4. d4 cxd4 5. Nxd4 Nf6 6. Bb5 Bd7 7. Be2 Qb6 8. Nb3 Rc8 9. Be3 Qc7 10. 0-0 b6 11. h3 g6 12. Nd4 Bg7 13. Qd2 Nxd4 14. Bxd4 0-0 15. Ba6 Rb8 16. Be2 Bc6 17. Bf3 Qb7 18. Rfe1 b5 19. a3 Rfd8 20. Rad1 e6 21. Qg5 h6 22. Qc1 a5 23. Bxf6 Bxf6 24. Qxh6 b4 25. axb4 axb4 26. Ne2 Bxb2 27. Nd4 Ba4 28. e5 Qe7 29. Re4 Qf8 30. Qg5 dxe5 31. Qxe5 Bxc2 32. Rh4 Qg7 33. Qxg7+ Kxg7 34. Nxc2 b3 35. Ne3 Bf6 36. Rxd8 Bxd8 37. Rd4 b2 38. Be4 b1Q+ 39. Bxb1 Rxb1+ 40. Kh2 Bb6 41. Rd3 Rb2 42. Kg3 f5 43. f4 Kf6 44. Kf3 g5 45. g3 Rh2 46. fxg5+ Kxg5 47. h4+ Kf6 48. Rb3 Bc7 49. Ra3 Bd6 50. Ra6 Bc5 51. Rc6 Bd4 52. Rd6 Bc5 53. Rc6 Bd4 54. Rd6 Bc5 55. Rc6 Bf8 56. Ra6 Rd2 57. Rc6 Bh6 58. Rc3 e5 59. Rc6+ Kf7 60. Rxh6 e4+ 61. Kf4 Rf2+ 62. Ke5 1-0

[Event "Kaluga Tsiolkovsky Memorial op"]
[Site "Kaluga"]
[Date "2013.08.06"]
[Round "4"]
[White "Egorova, Irina"]
[Black "Rashidov, Alexandr"]
[Result "1-0"]
[WhiteElo "1817"]
[BlackElo "1952"]
[PlyCount "66"]
[EventDate "2013.08.03"]
[EventType "swiss"]
[EventRounds "9"]
[EventCountry "RUS"]
[SourceTitle "CBM 156 Extra"]
[Source "ChessBase"]
[SourceDate "2013.10.22"]
[SourceVersion "1"]
[SourceVersionDate "2013.10.22"]
[SourceQuality "1"]

1. e4 c5 2. Nc3 Nc6 3. f4 d6 4. Nf3 Qc7 5. d3 Nf6 6. g3 g6 7. Bg2 Bg7 8. 0-0 0-0 9. h3 Rb8 10. g4 b5 11. Qe1 b4 12. Ne2 e6 13. Qh4 Qe7 14. Qg3 c4 15. g5 Nh5 16. Qh4 cxd3 17. cxd3 Ba6 18. Rd1 Rbc8 19. Rb1 f6 20. Be3 d5 21. Qf2 fxg5 22. Bc5 Qc7 23. Bxf8 Rxf8 24. Nxg5 Qe7 25. Nf3 Nxf4 26. Nxf4 Rxf4 27. Qg3 Qf8 28. exd5 exd5 29. Ng5 Rf5 30. Qh4 h6 31. Ne6 Qd6 32. Nxg7 Kxg7 33. Rbc1 Rg5 1-0

[Event "Kaluga Tsiolkovsky Memorial op"]
[Site "Kaluga"]
[Date "2013.08.04"]
[Round "2"]
[White "Dzhangobegov, Vladimir"]
[Black "Rashidov, Alexandr"]
[Result "1-0"]
[WhiteElo "2378"]
[BlackElo "1952"]
[PlyCount "96"]
[EventDate "2013.08.03"]
[EventType "swiss"]
[EventRounds "9"]
[EventCountry "RUS"]
[SourceTitle "CBM 156 Extra"]
[Source "ChessBase"]
[SourceDate "2013.10.22"]
[SourceVersion "1"]
[SourceVersionDate "2013.10.22"]
[SourceQuality "1"]

1. e4 c5 2. Nf3 Nc6 3. Nc3 d6 4. Bc4 Nf6 5. d4 Bg4 6. d5 Nd4 7. Be3 Nxf3+ 8. gxf3 Bd7 9. a4 a6 10. a5 g6 11. Be2 Qc7 12. f4 Rc8 13. h4 h5 14. f3 Bg7 15. Rg1 Kf8 16. Bc4 Ne8 17. Qd3 Bf6 18. Bf2 Bh3 19. Nd1 Qd8 20. c3 Ng7 21. Rh1 Bd7 22. Bg3 Qc7 23. Ne3 Re8 24. Rh2 Bc8 25. Re2 Rg8 26. Nf1 e5 27. dxe6 Bxe6 28. Bxe6 fxe6 29. f5 e5 30. Ne3 gxf5 31. exf5 Rd8 32. Nd5 Qf7 33. 0-0-0 Ne8 34. Nxf6 Qxf6 35. Bxe5 Qxh4 36. f6 Qg5+ 37. f4 Qg6 38. Qe3 Qf7 39. f5 Qh7 40. Bxd6+ Nxd6 41. Qe7+ Qxe7 42. fxe7+ Kf7 43. exd8Q Rxd8 44. Red2 Ke7 45. f6+ Ke6 46. f7 Nxf7 47. Rxd8 Nxd8 48. Rxd8 Kf5 1-0

[Event "Kaluga Tsiolkovsky Memorial op"]
[Site "Kaluga"]
[Date "2012.08.01"]
[Round "3"]
[White "Rashidov, Alexandr"]
[Black "Kogan, Tatjana"]
[Result "0-1"]
[WhiteElo "1984"]
[BlackElo "1613"]
[PlyCount "40"]
[EventDate "2012.07.30"]
[EventType "swiss"]
[EventRounds "9"]
[EventCountry "RUS"]
[SourceTitle "EXT 2014"]
[Source "ChessBase"]
[SourceDate "2013.11.20"]
[SourceVersion "1"]
[SourceVersionDate "2013.11.20"]
[SourceQuality "1"]

1. d4 e6 2. Nf3 f5 3. Nbd2 Nf6 4. Ne5 d5 5. Ndf3 Be7 6. Bg5 0-0 7. e3 Nbd7 8. c3 c6 9. Be2 Qc7 10. Nxd7 Bxd7 11. Ne5 Bd6 12. 0-0 Ne4 13. Nxd7 Qxd7 14. Bh4 g5 15. Bg3 Nxg3 16. fxg3 Rae8 17. Qd2 Qe7 18. Bh5 Rd8 19. Qd3 g4 20. h4 Bxg3 0-1

[Event "Kaluga Tsiolkovsky Memorial op"]
[Site "Kaluga"]
[Date "2012.07.30"]
[Round "2"]
[White "Skripchenko, Vladimir N"]
[Black "Rashidov, Alexandr"]
[Result "1-0"]
[WhiteElo "1814"]
[BlackElo "1984"]
[PlyCount "89"]
[EventDate "2012.07.30"]
[EventType "swiss"]
[EventRounds "9"]
[EventCountry "RUS"]
[SourceTitle "EXT 2014"]
[Source "ChessBase"]
[SourceDate "2013.11.20"]
[SourceVersion "1"]
[SourceVersionDate "2013.11.20"]
[SourceQuality "1"]

1. Nf3 Nf6 2. c4 c5 3. Nc3 Nc6 4. g3 e6 5. Bg2 d5 6. cxd5 exd5 7. d4 Be6 8. 0-0 Be7 9. h3 0-0 10. a3 b6 11. Qa4 Qd7 12. dxc5 bxc5 13. Rd1 Rac8 14. Ng5 h6 15. Nxe6 fxe6 16. Be3 Qe8 17. Bd2 Qf7 18. Be1 Nd7 19. Nxd5 Ndb8 20. Nxe7+ Qxe7 21. Rac1 Ne5 22. f4 Nf7 23. Bf2 Qf6 24. Qxa7 Qxb2 25. Rxc5 Rxc5 26. Qxc5 Qb3 27. Re1 Nd7 28. Qb4 Qa2 29. Qe7 Nf6 30. e4 e5 31. Rf1 Re8 32. Qb4 Qc2 33. Qb1 Qc3 34. Qa1 Qa5 35. fxe5 Nxe5 36. Bd4 Nfd7 37. Qc3 Qb5 38. Rd1 Nb6 39. Qc5 Qxc5 40. Bxc5 Na4 41. Bd4 Nc6 42. Bf2 Nc3 43. Re1 Re5 44. Kf1 Nb5 45. a4 1-0